000 00903nam a2200241 a 4500
999 _c10770
_d10770
001 10770
003 BD-JhCC
005 20180908105420.0
008 180908s2011 bg a|||| |||| 000 0 ben d
020 _a9789848934150
035 _a(BD-JhCC)10770
040 _aBD-JhCC
_dBD-JhCC
041 _aben
082 _a332.642
_bMAH 2018
100 _aমাহমুদ, আনু
245 _aশেয়ার বাজার প্রেক্ষিত বাংলাদেশ :
_b শেয়ার ক্রয় বিক্রয়ের কলাকৌশল /
_cআনু মাহমুদ,
260 _aঢাকা :
_bআলেয়া বুক ডিপো,
_c২০১৮.
300 _a২৯৬ পৃ. :
_bচিত্রাবলী,
_c২২ সেমি.
650 _aStock exchanges
650 _aPortfolio management
650 _aInvestment analysis
942 _2ddc
_cBK